000 00324 a2200133 4500
005 20250319142700.0
020 _a0-8273-2212-7
082 _a512.1 LEW
100 _aLEWIS,H.
245 _aTechnical Mathematics
260 _aCanada
_bDelmar Publishers INC.
_c1986
300 _aix, 868p. ill.
_bIndex
_c24cm.
942 _2ddc
_cBKS
999 _c1007
_d1007